Geography Quiz

Random Geography or City Quiz

South Dakota Top 50 in the 1950 Census Quiz Stats

 Plays Quiz not verified by Sporcle

Challenge
Share
Tweet
Embed
Score 0/50 Timer 09:00
0 Plays Today
Rank City % Correct
1Sioux Falls
97.1%
2Rapid City
93.1%
10Pierre
93.1%
3Aberdeen
82.4%
8Yankton
78.4%
5Watertown
74.5%
6Mitchell
74.5%
7Brookings
72.5%
11Vermillion
67.6%
4Huron
60.8%
16Sturgis
60.8%
22Spearfish
60.8%
17Deadwood
59.8%
9Lead
52%
14Mobridge
46.1%
15Belle Fourche
46.1%
12Madison
43.1%
13Hot Springs
42.2%
27Custer
42.2%
18Winner
41.2%
20Sisseton
39.2%
29Chamberlain
38.2%
24Canton
33.3%
23Redfield
31.4%
19Milbank
30.4%
Rank City % Correct
32Dell Rapids
29.4%
41Elk Point
29.4%
47De Smet
28.4%
21Lemmon
27.5%
26Flandreau
26.5%
30Lake Andes
24.5%
31Beresford
24.5%
34Eureka
21.6%
33South Sioux Falls
20.6%
25Webster
17.6%
43Tyndall
17.6%
48 (T)Highmore
17.6%
39Britton
16.7%
40Gregory
16.7%
28Miller
15.7%
35Gettysburg
15.7%
36Wagner
15.7%
38Wessington Springs
15.7%
37Clark
12.7%
42Parkston
12.7%
45Lennox
11.8%
50Parker
9.8%
44Howard
8.8%
46Scotland
7.8%
48 (T)Edgemont
6.9%

You're not logged in!

Compare scores with friends on all Sporcle quizzes.
Join for Free
OR
Log In

You Might Also Like...

Show Comments

Extras

Top Quizzes Today


Score Distribution

Your Account Isn't Verified!

In order to create a playlist on Sporcle, you need to verify the email address you used during registration. Go to your Sporcle Settings to finish the process.

Report this User

Report this user for behavior that violates our Community Guidelines.

Details: